000 00725cab a2200217 4500
001 WB3507-60
008 090401t1999 xxu||||| |||| 00| 0 eng d
035 _a(Sirsi) u91343
041 _aeng
245 _aJubilee line costs spiral
260 _c1999
350 _a0
490 _aGuardian
_v16 February 1999, 2(1)
520 _aThe cost of the Jubilee Line extension has soared to £3.3bn, making it one of the world`s most expensive transport projects. The latest figure means that each mile of the line is costing £330m.
650 _aCONSTRUCTION PROJECTS
650 _aJUBILEE LINE EXTENSION
650 _aLONDON UNDERGROUND
690 _aTRANSPORT AND COMMUNICATIONS
942 _n0
948 _c16/02/1999
999 _c57970
_d57970